000 00502nam a2200193Ia 4500
005 20240425140927.0
008 131103s9999 xx 000 0 und d
040 _aLoreto College
041 _aEnglish
082 _a371.3
_bMAC
100 _aMckow, Harry C.
245 _aExtra-Curricular Activities
_cHarry C.Mckow
260 _aNew York
_bMacmillan
_c1938
300 _a734p.
504 _aIncludes bibliography and index
650 _aSchool organisation
850 _aLCBED
942 _cBK
999 _c27246
_d77725